00877nam a2200205 i 4500001000300000245025700003260006400260300003500324546003100359651002200390655002200412700002800434022001300462040000800475041000800483044000800491080003300499008004100532856009800573bg00aInformator o sytuacji społeczno-gospodarczej Gdańska za 2006 r. =bInformation on social and economic situation of Gdańsk for the year 2006 /c[red. zespół Barbara Grabara et al.] ; Urząd Statystyczny w Gdańsku, Urząd Miejski w Gdańsku. aGdańsk :bUrząd Statystyczny :bUrząd Miejski,c2007. a150 s. :bgł. tabl. ;c24 cm. aTekst równol pol. i ang. 9aGdańsky2006 r. aDane statystyczne1 aGrabara, Barbara.eRed. a15057186 cBPK apol aPOL a311.3(438)"2001/..."(083.41) s pl f |000 0 pol  uhttp://koha.tu.koszalin.pl/cgi-bin/koha/opac-detail.pl?biblionumber=55560yKatalog online BPK